1039 1797 1120 1669 1739 1230 1845 1038 1145 1964 1335 1250 1112 1237 1368 1839 1739 1629 1660 1336 1099 1863 1749 1535 1693 1137 1374 1557 1661 1201 1628 1436 1676 1225 1363 1734 1127 1408 1498 1771 1441 1219 1296 1301 1570 1985 1543 1565 1487 1555 1350 1313 1886 1353 1664 1576 1032 1921 1571 1284 1725 1340 1691 1487 1694 1027 1331 1521 1062 1601 1999 1833 1972 1359 1975 1685 1914 1968 1929 1781 1497 1667 1149 1044 1062 1940 1823 1093 1525 1337 1096 1199 1045 1613 1622 1597 1203 1947 1451 BCNSPRNW ULIB Ver.6.0+V

เปลี่ยนเป็นภาษาไทย

Change to English
 แสดงรายละเอียดบรรณานุกรม
  กลับหน้าหลัก

Brief Record : Get Marc (ISO 2709) : E-mail record : QR code < ปิดหน้าต่าง
LEADER : 00000nam 2200000uu 4500
001    13399122680
003     ULIB
008    130827s2553||||th 000 0 tha d
020    ^a9789746726238
060    ^aWE500^bอ372ค
100    ^aอรวรรณ ประศาสตร์วุฒิ
110    ^aมหาวิทยาลัยเชียงใหม่^bคณะเทคนิคการแพทย์^bภาควิชากายภาพบำบัด
245    ^aความล้าของกล้ามเนื้อ^b=Fatigue./^cอรวรรณ ประศาสตร์วุฒิ
260    ^aเชียงใหม่ :^bมหาวิทยาลัยเชียงใหม่,^c2553
300    ^a127 หน้า
650    ^aกล้ามเนื้อ
650    ^aFatigue
650    ^aความล้า^xกล้ามเนื้อ
945    ^p230^l0^i033933
945    ^p230^l0^i033934
999    ^aเกษร โพธิ์สุวรรณ
รายการนี้ยังไม่มีแท็ก
คุณยังไม่ได้ล็อกอิน คุณสามารถมีกิจกรรมร่วมกับเว็บไซต์ได้ แต่ต้องล็อกอินก่อน ::
  ล็อกอิน

รายการสื่อสารสนเทศ

ลำดับที่ ประเภท เลขเรียก/บาร์โค้ด สถานที่ สถานะ
1. วิทยาศาสตร์การแพทย์ และสุขภาพ
หนังสือสำรอง
สถานะ=หนังสือสำรอง
WE500 อ372ค ฉ.1 
  Barcode: 033933
ห้องสมุดวิทยาเขตสวรรค์ประชารักษ์
►ส่วนจัดเก็บหนังสือเก่า สปร
บนชั้น
  ขอยืม
2. วิทยาศาสตร์การแพทย์ และสุขภาพ
วิทยาศาสตร์การแพทย์ และสุขภาพ
WE500 อ372ค ฉ.2 
  Barcode: 033934
ห้องสมุดวิทยาเขตสวรรค์ประชารักษ์
►ส่วนจัดเก็บหนังสือเก่า สปร
บนชั้น
  ขอยืม

รายการใกล้เคียง
    ผู้แต่ง [อรวรรณ ประศาสตร์วุฒิ]

    หัวเรื่อง [กล้ามเนื้อ]
    หัวเรื่อง [Fatigue]

BibComment


ยังไม่เคยถูกคอมเมนท์

คอมเมนท์ทรัพยากรรายการนี้
  คอมเมนท์: ความล้าของกล้ามเ..


 Copyright 2026. Bcnsprnw @Library